Statistics for Best-Selling Comic Book Series with Exceptions

Click here to take the quiz!

General Stats

  • This quiz has been taken 43 times
    (39 since last reset)
  • The average score is 7 of 15

Answer Stats

Million copies soldSeriesFromCreator(s)% Correct
484BatmanUSABob Kane, Bill Finger
94%
600SupermanUSAJerry Siegel, Joe Shuster
94%
387Spider-ManUSAStan Lee, Steve Ditko
91%
210Captain AmericaUSAJoe Simon, Jack Kirby
74%
250The Adventures of TintinBelgiumHergé
62%
260X-MenUSAStan Lee, Jack Kirby
62%
385AsterixFranceRene Goscinny, Albert Uderzo
50%
135GarfieldUSAJim Davis
47%
300PeanutsUSACharles M. Schultz
44%
150SpawnCanadaTodd McFarlane
44%
300Lucky LukeBelgiumMorris
24%
150The PhantomUSALee Falk
18%
150DiabolikItalyAngela & Luciana Giussani
12%
230Spike and SuzyBelgiumWilly Vandersteen
12%
100Casper the Friendly GhostUSASeymour Reit, Joe Oriolo
9%

Score Distribution

Percentile by Number Answered

Percent of People with Each Score

Your Score History

You have not taken this quiz since the last reset